|
|
|
|
| LEADER |
00000nam0a2200000 4500 |
| 001 |
135002 |
| 005 |
20260226160007.0 |
| 010 |
|
|
|a 9785911806828
|
| 035 |
|
|
|a (RuTPU)RU\TPU\book\146318
|
| 090 |
|
|
|a 135002
|
| 100 |
|
|
|a 20080407d2008 m y0rusy50 ca
|
| 101 |
0 |
|
|a rus
|
| 102 |
|
|
|a RU
|
| 105 |
|
|
|a a z 001zy
|
| 200 |
1 |
|
|a От декабристов до моджахедов. Кто кормил наших революционеров?
|f Н. В. Стариков
|
| 210 |
|
|
|a СПб.
|c Питер
|d 2008
|
| 215 |
|
|
|a 286 с.
|c ил.
|
| 225 |
1 |
|
|a Вне серии
|
| 320 |
|
|
|a Список литературы: с. 283-285.
|
| 330 |
|
|
|a Каковы были корни русского революционного движения и кто финансировал всех наших «борцов за свободу»? Кто сытно кормил наших революционеров и на чьи деньги Герцен бил в свой колокол? Почему декабристы так не любили русскую армию, а народовольцы хотели разорвать Россию на части? Почему революционеры очень любили японцев, а потом стали грабить банки? Кто на самом деле писал программы наших партий?Прочитав эту книгу, вы поймете, что все без исключения подрывные организации в России финансировались и пестовались иностранными спецслужбами. Вы познакомитесь с настоящими истоками и корнями трех русских революций.Эта книга — для тех, кто больше никогда не желает допустить развала нашей страны, отпадения от нее территорий, уничтожения наших вооруженных сил, потери суверенитета и катастрофического падения жизненного уровня народа.
|
| 606 |
|
|
|a Революционное движение в России
|x История
|z 19 в.
|9 81876
|
| 606 |
|
|
|a Революционное движение в России
|x История
|z 1885-1917
|9 89147
|
| 610 |
1 |
|
|a Россия
|
| 610 |
1 |
|
|a 19 век
|
| 610 |
1 |
|
|a 20 век
|
| 610 |
1 |
|
|a революционеры
|
| 610 |
1 |
|
|a революционеры-демократы
|
| 610 |
1 |
|
|a народовольцы
|
| 610 |
1 |
|
|a декабристы
|
| 610 |
1 |
|
|a политические партии
|
| 610 |
1 |
|
|a программы
|
| 610 |
1 |
|
|a Временное правительство
|
| 686 |
|
|
|a Т3(2)52
|2 rubbk
|
| 686 |
|
|
|a Т3(2)53
|2 rubbk
|
| 700 |
|
1 |
|a Стариков
|b Н. В.
|g Николай Викторович
|
| 801 |
|
1 |
|a RU
|b 63413507
|c 20080407
|g PSBO
|
| 801 |
|
2 |
|a RU
|b 63413507
|c 20121225
|g PSBO
|
| 942 |
|
|
|c BK
|